| 000 | 00388nam a2200169Ia 4500 | ||
|---|---|---|---|
| 100 | _aKennedy/George/ Davis/B | ||
| 650 | _aCommunication systems | ||
| 250 | _a5 | ||
| 942 | _cBK | ||
| 366 | _f23 | ||
| 245 | _aElectronic Communication Systems | ||
| 260 |
_bTata Mc Graw hill Ltd. _c2011 |
||
| 082 |
_a621.3804 _bKEN |
||
| 300 | _a629 | ||
| 546 |
_aENGLISH _cPAMPHALETS |
||
| 999 |
_c26966 _d26966 |
||